<?xml version="1.0" encoding="UTF-8"?>
<record
    xmlns:xsi="http://www.w3.org/2001/XMLSchema-instance"
    xsi:schemaLocation="http://www.loc.gov/MARC21/slim http://www.loc.gov/standards/marcxml/schema/MARC21slim.xsd"
    xmlns="http://www.loc.gov/MARC21/slim">

  <leader>02077nas a2200313 a 4500</leader>
  <controlfield tag="005">20251113112911.0</controlfield>
  <controlfield tag="007">ta</controlfield>
  <controlfield tag="008">241030e2023    dr z||p|r||||||0|   spa d</controlfield>
  <datafield tag="022" ind1=" " ind2=" ">
    <subfield code="a">2960754X</subfield>
  </datafield>
  <datafield tag="022" ind1=" " ind2=" ">
    <subfield code="a">Digital 20607582</subfield>
  </datafield>
  <datafield tag="040" ind1=" " ind2=" ">
    <subfield code="a">DO-SdBNP</subfield>
    <subfield code="c">BNPHU</subfield>
    <subfield code="e">rda</subfield>
  </datafield>
  <datafield tag="041" ind1=" " ind2=" ">
    <subfield code="h">spa</subfield>
  </datafield>
  <datafield tag="110" ind1=" " ind2=" ">
    <subfield code="a">Sociedad Dominicana de Pediatr&#xED;a</subfield>
    <subfield code="9">36054</subfield>
  </datafield>
  <datafield tag="210" ind1=" " ind2=" ">
    <subfield code="a">ADOPA</subfield>
  </datafield>
  <datafield tag="245" ind1=" " ind2=" ">
    <subfield code="a">ADOPA : </subfield>
    <subfield code="b">archivos dominicanos de pediatr&#xED;a y adolescentes /</subfield>
    <subfield code="c">Sociedad Dominicana de Pediatr&#xED;a</subfield>
  </datafield>
  <datafield tag="260" ind1=" " ind2=" ">
    <subfield code="a">Santo Domingo, Rep&#xFA;blica Dominicana : </subfield>
    <subfield code="b">Sociedad Dominicana de Pediatr&#xED;a, </subfield>
    <subfield code="c">2023.</subfield>
  </datafield>
  <datafield tag="300" ind1=" " ind2=" ">
    <subfield code="a">volumen : </subfield>
    <subfield code="b">ilustraciones, fotograf&#xED;as, gr&#xE1;ficas ; </subfield>
    <subfield code="c">25.5 cm.</subfield>
  </datafield>
  <datafield tag="310" ind1=" " ind2=" ">
    <subfield code="a">Cuatrimestral.</subfield>
  </datafield>
  <datafield tag="362" ind1=" " ind2=" ">
    <subfield code="a">Vol. 1, No. 1. Enero-abril 2023.</subfield>
  </datafield>
  <datafield tag="500" ind1=" " ind2=" ">
    <subfield code="a">Donado por: Editora B&#xFA;ho. </subfield>
  </datafield>
  <datafield tag="500" ind1=" " ind2=" ">
    <subfield code="a">Publicaci&#xF3;n de divulgaci&#xF3;n cient&#xED;fica de la Sociedad Dominicana de Pediatr&#xED;a.</subfield>
  </datafield>
  <datafield tag="500" ind1=" " ind2=" ">
    <subfield code="a">Publicaci&#xF3;n en formato f&#xED;sico y digital.</subfield>
  </datafield>
  <datafield tag="521" ind1=" " ind2=" ">
    <subfield code="a">Archivos Dominicanos de Pediatr&#xED;a y Adolescencia (ADOPA) es una revista cient&#xED;fica, biarbitrada, del &#xE1;rea de Pediatr&#xED;a y de las distintas subdisciplinas asociadas; surge como una iniciativa de la Sociedad Dominicana de Pediatr&#xED;a ante la necesidad de un espacio sistem&#xE1;tico, riguroso y plural para la divulgaci&#xF3;n del conocimiento m&#xE9;dico pedi&#xE1;trico de especialistas e investigadores dominicanos. Se presenta como un medio para la difusi&#xF3;n gratuita de sus trabajos cient&#xED;ficos de calidad sobre la ni&#xF1;ez y la adolescencia dominicanas, por lo que su existencia es un est&#xED;mulo para la producci&#xF3;n cient&#xED;fica, la investigaci&#xF3;n y la formaci&#xF3;n de una bibliograf&#xED;a nacional que responda a las realidades locales en el sector salud infantil y adolescente.</subfield>
  </datafield>
  <datafield tag="650" ind1=" " ind2="0">
    <subfield code="a">Pediatr&#xED;a preventiva </subfield>
    <subfield code="9">86775</subfield>
    <subfield code="v">Publicaciones peri&#xF3;dicas</subfield>
  </datafield>
  <datafield tag="650" ind1=" " ind2="0">
    <subfield code="a">Pediatr&#xED;a </subfield>
    <subfield code="9">19620</subfield>
    <subfield code="v">Publicaciones peri&#xF3;dicas</subfield>
    <subfield code="z">Rep&#xFA;blica Dominicana</subfield>
  </datafield>
  <datafield tag="650" ind1=" " ind2="0">
    <subfield code="a">Revista cient&#xED;fica</subfield>
    <subfield code="9">86776</subfield>
  </datafield>
  <datafield tag="856" ind1=" " ind2=" ">
    <subfield code="u">https://adopa.pediatriadominicana.org/index.php/adopa</subfield>
  </datafield>
  <datafield tag="942" ind1=" " ind2=" ">
    <subfield code="2">ddc</subfield>
    <subfield code="c">ISSUE</subfield>
    <subfield code="h">Vol. 1, No. 1. Enero-abril 2023</subfield>
  </datafield>
  <datafield tag="952" ind1=" " ind2=" ">
    <subfield code="0">0</subfield>
    <subfield code="1">0</subfield>
    <subfield code="2">ddc</subfield>
    <subfield code="4">0</subfield>
    <subfield code="5">6</subfield>
    <subfield code="7">0</subfield>
    <subfield code="8">SE</subfield>
    <subfield code="a">BNPHU</subfield>
    <subfield code="b">BNPHU</subfield>
    <subfield code="d">2024-10-30</subfield>
    <subfield code="h">Vol. 1, No. 1. Enero-abril 2023</subfield>
    <subfield code="l">0</subfield>
    <subfield code="p">2024-6266</subfield>
    <subfield code="r">2024-10-30</subfield>
    <subfield code="t">e.1</subfield>
    <subfield code="w">2024-10-30</subfield>
    <subfield code="y">ISSUE</subfield>
  </datafield>
  <datafield tag="952" ind1=" " ind2=" ">
    <subfield code="0">0</subfield>
    <subfield code="1">0</subfield>
    <subfield code="2">ddc</subfield>
    <subfield code="4">0</subfield>
    <subfield code="5">6</subfield>
    <subfield code="7">0</subfield>
    <subfield code="8">SE</subfield>
    <subfield code="a">BNPHU</subfield>
    <subfield code="b">BNPHU</subfield>
    <subfield code="d">2024-10-30</subfield>
    <subfield code="h">Vol. 1, No. 1. Enero-abril 2023</subfield>
    <subfield code="l">0</subfield>
    <subfield code="p">2024-6267</subfield>
    <subfield code="r">2024-10-30</subfield>
    <subfield code="t">e.2</subfield>
    <subfield code="w">2024-10-30</subfield>
    <subfield code="y">ISSUE</subfield>
  </datafield>
  <datafield tag="952" ind1=" " ind2=" ">
    <subfield code="0">0</subfield>
    <subfield code="1">0</subfield>
    <subfield code="2">ddc</subfield>
    <subfield code="4">0</subfield>
    <subfield code="5">6</subfield>
    <subfield code="7">0</subfield>
    <subfield code="8">SE</subfield>
    <subfield code="a">BNPHU</subfield>
    <subfield code="b">BNPHU</subfield>
    <subfield code="d">2024-10-30</subfield>
    <subfield code="h">Vol. 1, No. 1. Enero-abril 2023</subfield>
    <subfield code="l">0</subfield>
    <subfield code="p">2024-6268</subfield>
    <subfield code="r">2024-10-30</subfield>
    <subfield code="t">e.3</subfield>
    <subfield code="w">2024-10-30</subfield>
    <subfield code="y">ISSUE</subfield>
  </datafield>
  <datafield tag="952" ind1=" " ind2=" ">
    <subfield code="0">0</subfield>
    <subfield code="1">0</subfield>
    <subfield code="2">ddc</subfield>
    <subfield code="4">0</subfield>
    <subfield code="5">6</subfield>
    <subfield code="7">0</subfield>
    <subfield code="8">SE</subfield>
    <subfield code="a">BNPHU</subfield>
    <subfield code="b">BNPHU</subfield>
    <subfield code="d">2024-10-30</subfield>
    <subfield code="h">Vol. 2, No. 2. Mayo-agosto 2024</subfield>
    <subfield code="l">0</subfield>
    <subfield code="p">2024-6269</subfield>
    <subfield code="r">2024-10-30</subfield>
    <subfield code="t">e.1</subfield>
    <subfield code="w">2024-10-30</subfield>
    <subfield code="y">ISSUE</subfield>
  </datafield>
  <datafield tag="952" ind1=" " ind2=" ">
    <subfield code="0">0</subfield>
    <subfield code="1">0</subfield>
    <subfield code="2">ddc</subfield>
    <subfield code="4">0</subfield>
    <subfield code="5">6</subfield>
    <subfield code="7">0</subfield>
    <subfield code="8">SE</subfield>
    <subfield code="a">BNPHU</subfield>
    <subfield code="b">BNPHU</subfield>
    <subfield code="d">2024-10-30</subfield>
    <subfield code="h">Vol. 2, No. 2. Mayo-agosto 2024</subfield>
    <subfield code="l">0</subfield>
    <subfield code="p">2024-6270</subfield>
    <subfield code="r">2024-10-30</subfield>
    <subfield code="t">e.2</subfield>
    <subfield code="w">2024-10-30</subfield>
    <subfield code="y">ISSUE</subfield>
  </datafield>
  <datafield tag="952" ind1=" " ind2=" ">
    <subfield code="0">0</subfield>
    <subfield code="1">0</subfield>
    <subfield code="2">ddc</subfield>
    <subfield code="4">0</subfield>
    <subfield code="5">6</subfield>
    <subfield code="7">0</subfield>
    <subfield code="8">SE</subfield>
    <subfield code="a">BNPHU</subfield>
    <subfield code="b">BNPHU</subfield>
    <subfield code="d">2024-10-30</subfield>
    <subfield code="h">Vol. 2, No. 2. Mayo-agosto 2024</subfield>
    <subfield code="l">0</subfield>
    <subfield code="p">2024-6271</subfield>
    <subfield code="r">2024-10-30</subfield>
    <subfield code="t">e.3</subfield>
    <subfield code="w">2024-10-30</subfield>
    <subfield code="y">ISSUE</subfield>
  </datafield>
  <datafield tag="952" ind1=" " ind2=" ">
    <subfield code="0">0</subfield>
    <subfield code="1">0</subfield>
    <subfield code="2">ddc</subfield>
    <subfield code="4">0</subfield>
    <subfield code="5">6</subfield>
    <subfield code="7">0</subfield>
    <subfield code="8">SE</subfield>
    <subfield code="a">BNPHU</subfield>
    <subfield code="b">BNPHU</subfield>
    <subfield code="d">2025-05-30</subfield>
    <subfield code="h">Vol. 2, No. 3. Septiembre-diciembre 2024</subfield>
    <subfield code="l">0</subfield>
    <subfield code="p">2025-4644</subfield>
    <subfield code="r">2025-05-30</subfield>
    <subfield code="t">e.1</subfield>
    <subfield code="w">2025-05-30</subfield>
    <subfield code="y">ISSUE</subfield>
    <subfield code="z">Esta revista tiene el material reducido.</subfield>
  </datafield>
  <datafield tag="952" ind1=" " ind2=" ">
    <subfield code="0">0</subfield>
    <subfield code="1">0</subfield>
    <subfield code="2">ddc</subfield>
    <subfield code="4">0</subfield>
    <subfield code="5">6</subfield>
    <subfield code="7">0</subfield>
    <subfield code="8">SE</subfield>
    <subfield code="a">BNPHU</subfield>
    <subfield code="b">BNPHU</subfield>
    <subfield code="d">2025-05-30</subfield>
    <subfield code="h">Vol. 2, No. 3. Septiembre-diciembre 2024</subfield>
    <subfield code="l">0</subfield>
    <subfield code="p">2025-4645</subfield>
    <subfield code="r">2025-05-30</subfield>
    <subfield code="t">e.2</subfield>
    <subfield code="w">2025-05-30</subfield>
    <subfield code="y">ISSUE</subfield>
    <subfield code="z">Esta revista tiene el material reducido.</subfield>
  </datafield>
  <datafield tag="952" ind1=" " ind2=" ">
    <subfield code="0">0</subfield>
    <subfield code="1">0</subfield>
    <subfield code="2">ddc</subfield>
    <subfield code="4">0</subfield>
    <subfield code="5">6</subfield>
    <subfield code="7">0</subfield>
    <subfield code="8">SE</subfield>
    <subfield code="a">BNPHU</subfield>
    <subfield code="b">BNPHU</subfield>
    <subfield code="d">2025-11-13</subfield>
    <subfield code="h">Vol. 3, No. 1. Enero-abril 2025</subfield>
    <subfield code="l">0</subfield>
    <subfield code="p">2025-13063</subfield>
    <subfield code="r">2025-11-13</subfield>
    <subfield code="t">e.1</subfield>
    <subfield code="w">2025-11-13</subfield>
    <subfield code="y">ISSUE</subfield>
    <subfield code="z">Archivos Dominicanos de Pediatr&#xED;a y Adolescencia. </subfield>
  </datafield>
  <datafield tag="952" ind1=" " ind2=" ">
    <subfield code="0">0</subfield>
    <subfield code="1">0</subfield>
    <subfield code="2">ddc</subfield>
    <subfield code="4">0</subfield>
    <subfield code="5">6</subfield>
    <subfield code="7">0</subfield>
    <subfield code="8">SE</subfield>
    <subfield code="a">BNPHU</subfield>
    <subfield code="b">BNPHU</subfield>
    <subfield code="d">2025-11-13</subfield>
    <subfield code="h">Vol. 3, No. 1. Enero-abril 2025</subfield>
    <subfield code="l">0</subfield>
    <subfield code="p">2025-13064</subfield>
    <subfield code="r">2025-11-13</subfield>
    <subfield code="t">e.2</subfield>
    <subfield code="w">2025-11-13</subfield>
    <subfield code="y">ISSUE</subfield>
    <subfield code="z">Archivos Dominicanos de Pediatr&#xED;a y Adolescencia. </subfield>
  </datafield>
  <datafield tag="952" ind1=" " ind2=" ">
    <subfield code="0">0</subfield>
    <subfield code="1">0</subfield>
    <subfield code="2">ddc</subfield>
    <subfield code="4">0</subfield>
    <subfield code="5">6</subfield>
    <subfield code="7">0</subfield>
    <subfield code="8">SE</subfield>
    <subfield code="a">BNPHU</subfield>
    <subfield code="b">BNPHU</subfield>
    <subfield code="d">2025-11-13</subfield>
    <subfield code="h">Vol. 3, No. 1. Enero-abril 2025</subfield>
    <subfield code="l">0</subfield>
    <subfield code="p">2025-13065</subfield>
    <subfield code="r">2025-11-13</subfield>
    <subfield code="t">e.3</subfield>
    <subfield code="w">2025-11-13</subfield>
    <subfield code="y">ISSUE</subfield>
    <subfield code="z">Archivos Dominicanos de Pediatr&#xED;a y Adolescencia. </subfield>
  </datafield>
  <datafield tag="952" ind1=" " ind2=" ">
    <subfield code="0">0</subfield>
    <subfield code="1">0</subfield>
    <subfield code="2">ddc</subfield>
    <subfield code="4">0</subfield>
    <subfield code="5">6</subfield>
    <subfield code="7">0</subfield>
    <subfield code="8">SE</subfield>
    <subfield code="a">BNPHU</subfield>
    <subfield code="b">BNPHU</subfield>
    <subfield code="c">RE</subfield>
    <subfield code="d">2026-05-22</subfield>
    <subfield code="h">  Vol. 3, No. 2. mayo-agosto 2025</subfield>
    <subfield code="l">0</subfield>
    <subfield code="p">2026-4465</subfield>
    <subfield code="r">2026-05-22</subfield>
    <subfield code="t">e.1</subfield>
    <subfield code="w">2026-05-22</subfield>
    <subfield code="y">ISSUE</subfield>
    <subfield code="z">Disponible para consulta en Hemeroteca.</subfield>
  </datafield>
  <datafield tag="952" ind1=" " ind2=" ">
    <subfield code="0">0</subfield>
    <subfield code="1">0</subfield>
    <subfield code="2">ddc</subfield>
    <subfield code="4">0</subfield>
    <subfield code="5">6</subfield>
    <subfield code="7">0</subfield>
    <subfield code="8">SE</subfield>
    <subfield code="a">BNPHU</subfield>
    <subfield code="b">BNPHU</subfield>
    <subfield code="c">RE</subfield>
    <subfield code="d">2026-05-22</subfield>
    <subfield code="h">  Vol. 3, No. 2. mayo-agosto 2025</subfield>
    <subfield code="l">0</subfield>
    <subfield code="p">2026-4466</subfield>
    <subfield code="r">2026-05-22</subfield>
    <subfield code="t">e.2</subfield>
    <subfield code="w">2026-05-22</subfield>
    <subfield code="y">ISSUE</subfield>
    <subfield code="z">Disponible para consulta en Hemeroteca.</subfield>
  </datafield>
  <datafield tag="952" ind1=" " ind2=" ">
    <subfield code="0">0</subfield>
    <subfield code="1">0</subfield>
    <subfield code="2">ddc</subfield>
    <subfield code="4">0</subfield>
    <subfield code="5">6</subfield>
    <subfield code="7">0</subfield>
    <subfield code="8">SE</subfield>
    <subfield code="a">BNPHU</subfield>
    <subfield code="b">BNPHU</subfield>
    <subfield code="c">RE</subfield>
    <subfield code="d">2026-05-22</subfield>
    <subfield code="h">  Vol. 3, No. 2. mayo-agosto 2025</subfield>
    <subfield code="l">0</subfield>
    <subfield code="p">2026-4467</subfield>
    <subfield code="r">2026-05-22</subfield>
    <subfield code="t">e.3</subfield>
    <subfield code="w">2026-05-22</subfield>
    <subfield code="y">ISSUE</subfield>
    <subfield code="z">Disponible para consulta en Hemeroteca.</subfield>
  </datafield>
  <datafield tag="999" ind1=" " ind2=" ">
    <subfield code="c">57942</subfield>
    <subfield code="d">57942</subfield>
  </datafield>
</record>
